R v Alath Construction Ltd ; R v Brightman (Record no. 27169)
[ view plain ]
| 000 -LEADER | |
|---|---|
| fixed length control field | 01392cab a2200205 4500 |
| 001 - CONTROL NUMBER | |
| control field | ABS43560 |
| 008 - FIXED-LENGTH DATA ELEMENTS--GENERAL INFORMATION | |
| fixed length control field | 090401t1990 xxu||||| |||| 00| 0 eng d |
| 035 ## - SYSTEM CONTROL NUMBER | |
| System control number | (Sirsi) u42351 |
| 041 ## - LANGUAGE CODE | |
| Language code of text/sound track or separate title | eng |
| 245 ## - TITLE STATEMENT | |
| Title | R v Alath Construction Ltd ; R v Brightman |
| 260 ## - PUBLICATION, DISTRIBUTION, ETC. | |
| Date of publication, distribution, etc. | 1990 |
| 350 ## - PRICE (NR) (BK AM CF MU VM SE) [OBSOLETE] | |
| Price | 0 |
| 490 ## - SERIES STATEMENT | |
| Series statement | Weekly Law Reports |
| Volume/sequential designation | (1990) 1 WLR 1255-1260(6) |
| 520 ## - SUMMARY, ETC. | |
| Summary, etc. | CA 20 February 1990. A beech tree , standing on A`s land was subject of a tree preservation order . A made a number of unsuccessful applications for permission to fell the tree. After the storms of 1987 A made arrangements for the tree to be felled without obtaining permission. They were charged with contravening a TPO under Town and Country Planning Act 1971 s102 . S60 of that Act provides that a TPO should not apply to the felling of trees that are dying, dead or dangerous. The recorder made a preliminary ruling that the burden of proof lay on A and they were convicted. A`s appeal was quashed on the grounds that s120 created an absolute offence therefore the prosecution had only to prove that the act was committed, s60 did not create negative ingredients of the offence but provided a true exemption from liability which had to be proved by A. |
| 650 ## - SUBJECT ADDED ENTRY--TOPICAL TERM | |
| Topical term or geographic name entry element | TOWN AND COUNTRY PLANNING ACT 1971 S60 |
| 650 ## - SUBJECT ADDED ENTRY--TOPICAL TERM | |
| Topical term or geographic name entry element | TREE FELLING |
| 690 ## - LOCAL SUBJECT ADDED ENTRY--TOPICAL TERM (OCLC, RLIN) | |
| Topical term or geographic name as entry element | PLANNING LAW AND PRACTICE-CASE LAW |
| 942 ## - ADDED ENTRY ELEMENTS (KOHA) | |
| Suppress in OPAC | 0 |
| 948 ## - LOCAL PROCESSING INFORMATION (OCLC); SERIES PART DESIGNATOR (RLIN) | |
| c (OCLC) | 04/03/1997 |
| Withdrawn status | Lost status | Source of classification or shelving scheme | Damaged status | Not for loan | Home library | Current library | Shelving location | Date acquired | Total Checkouts | Full call number | Barcode | Date last seen | Copy number | Price effective from | Koha item type |
|---|---|---|---|---|---|---|---|---|---|---|---|---|---|---|---|
| Dewey Decimal Classification | London | London | Journal article | 14/09/1999 | ABS43560 | 42351-1001 | 06/08/2019 | 1 | 06/08/2019 | Law report |